000 00539nam a2200193Ia 4500
008 140110s9999 xx 000 0 und d
020 _a9781411401006
040 _aLoreto College
041 _aEnglish
082 _a822.33(ID)/TAM
_bLCLIB/46836
100 _aShakespeare, William, 1564-1616
245 4 _aThe Taming of the shrew
_cWilliam Shakespeare
260 _aNew York
_bSpark Pub
_c2004c
300 _axii,249p
_c18cm
440 _aNo fear Shakespeare
650 _aEnglish Drama
651 _aDrama in English
942 _cBK
999 _c20345
_d70824